Cien años después del rescate del objeto auténtico: el significado científico de la obra arqueológica de Walter Lehmann al comienzo del siglo XXI /
Salvato in:
| Autore principale: | |
|---|---|
| Natura: | testo |
| Tags: |
Aggiungi Tag
Nessun Tag, puoi essere il primo ad aggiungerne!!
|
MARC
| LEADER | 00000 a a2200000 04500 | ||
|---|---|---|---|
| 001 | 46872 | ||
| 003 | |||
| 040 | |||
| 090 | |a REV1052 (23) 2010 | ||
| 100 | |a Künne, Martin | ||
| 245 | |a Cien años después del rescate del objeto auténtico: |b el significado científico de la obra arqueológica de Walter Lehmann al comienzo del siglo XXI / |c Martin Künne | ||
| 773 | |g número23, (2010), páginas 173-197 | ||
| 999 | |c 23859 |d 23859 | ||
